| 000 | 00872nam a2200217 a 4500 | ||
|---|---|---|---|
| 001 | 5066 | ||
| 003 | CDMR | ||
| 005 | 20131015174449.0 | ||
| 008 | 130130s1983||||||||||||||||||||||||||||d | ||
| 020 | _a8474910720 | ||
| 040 |
_aCDMR _bcat _cCDMR |
||
| 245 | 3 |
_aLa prensa en la Revolución Liberal _b: España, Portugal y América Latina _cedición y prólogo a cargo de Alberto Gil Novales |
|
| 260 |
_aMadrid _c1983 _bUniversidad Complutense de Madrid |
||
| 300 |
_a632 p ; _c24 cm |
||
| 500 | _aactes del Col·loqui Internacional, que va tenir lloc a la Faculdad de Ciencias de la Información de la Universidad Complutense, els dies 1, 2 i 3 d'abril de 1982 | ||
| 650 | 0 | 4 |
_aPremsa _zEspanya _yS. XIX _92742 |
| 650 | 0 | 4 |
_aPremsa _zAmèrica Llatina _yS. XIX _93505 |
| 650 | 0 | 4 |
_aPremsa _zPortugal _yS. XIX _93747 |
| 700 | 1 |
_aGil Novales, Alberto _eed. lit. _92761 |
|
| 942 |
_cMON _2udc |
||
| 999 |
_c5066 _d5066 |
||